00884nam a22002537a 4500999001500000003000400015005001700019008004100036020001800077040002000095245004800115260004600163300003500209490003600244650004300280700003000323700005000353700002400403700002300427700002400450710003900474942001300513952010400526 c7190d7190OSt20181204135608.0181203s2016 fr ||||| |||| 00| 0 fre d a9782362200403 aCDMRbcatcCDMR10aOn the roadb: 100 photos for press freedom aParis :bReporters sans Frontieres,c2016 a144 p. :bfotografies ;c29 cm aReporters without borders ;v520491582aLlibertat d'impremtaxFotografia1 94621aParr, Martind1952-1 94622aGruyaert, HarrybGruyaert, Harryd1941-1 94623aStock, Dennis1 94624aMorath, Inge1 94625aTowell, Larry2 91923aReportiers Sans Frontières 2udccMON 00104070aCDMRbCDMRd2018-12-03g9.90l0oAr 39pCDMR18120002r2018-12-03v9.90w2018-12-03yMON